01056nam a2200169 a 4500020002700000020003000027082001500057100002100072100001500093245003800108250001800146260003100164300001300195520058200208650002600790856007000816 a0751400424 (paperback) a9780751400427 (paperback) a615.36 GIB1 aGORDON GIBSON ,G1 aSkett,Paul10aIntroduction to drug metabolism / a2nd ed. 1996. a[S.l.] :bSpringer,c1996. a266 p. ; aThis introduction to the mechanisms by which the body metabolizes and excretes administered drugs is directed at advanced undergraduate biochemists, pharmacologists, pre-clinical medical strudents and advanced undergraduate/postgraduate toxicologists. The subject is approached from both biochemical and physiological angles. The examples of drug metabolism have been kept clinically relevant, so that the practical importance of the subject can be easily appreciated. The book contains a section of experimental procedures for setting up student practicals in drug metabolism. adrugs,drug metabolism40uhttp://www.amazon.com/exec/obidos/ASIN/0751400424/chopaconline-20